|
|
|
|
| LEADER |
00878pam a22002658a 4500 |
| 001 |
00026043 |
| 005 |
20190420170421.0 |
| 008 |
110813s2002 ||||||viesd |
| 020 |
# |
# |
|c 9800
|
| 041 |
0 |
# |
|a vie
|
| 082 |
1 |
# |
|a 372.6
|b T306V
|
| 245 |
0 |
0 |
|a Tiếng việt 1
|c Đặng Thị Lanh (ch.b.)...[và nh. ng. khác]
|n T.2
|
| 260 |
# |
# |
|a H.
|b Giáo dục
|c 2000
|
| 300 |
# |
# |
|a 172 tr.
|b tranh vẽ
|c 24 cm.
|
| 500 |
# |
# |
|a ĐTTS ghi: Bộ Giáo dục và Đào tạo
|
| 650 |
# |
# |
|a Lớp 1
|
| 650 |
# |
# |
|a Tiếng việt
|
| 650 |
# |
# |
|a Sách giáo khoa
|
| 700 |
1 |
# |
|a Hoàng Cao Cương
|
| 700 |
1 |
# |
|a Trần Thị Minh Phương
|
| 700 |
1 |
# |
|a Đặng Thị Lanh
|
| 852 |
# |
# |
|j KD.0010882
|
| 852 |
# |
# |
|b Kho đọc
|j KD.0010882
|
| 910 |
# |
# |
|d 13/08/2011
|e ltkchi
|f 20/04/2019
|
| 980 |
# |
# |
|a Trung tâm Học liệu Lê Vũ Hùng, Trường Đại học Đồng Tháp
|